00939nam a22001817a 4500003000900000008004100009040007100050082002600121100002700147245019800174260004500372300002800417440009900445505015400544650002300698650001300721650002300734AR-CdUCM190304b ||||| |||| 00| 0 spa d aMUNICIPALIDAD PROVINCIAL DEL CUSCOcBIBLIOTECA MUNICIPAL DEL CUSCO a869.56 /bS2122a ed. aSantos Chocano, José aLas mejores poesías de Chocano /cJosé Santos Chocano ; con una biografía por José Jiménez Borja ; selección de Francisco Bendezú ; presentación firmada por Manuel Mujica Gallo. a[Lima] :bEdit. Latinoamericana,c[1958] a114 páginas ;c18 cm. aBiblioteca peruana de cultura básica / Manuel Scorza. Primera serie de autores peruanos ;n7 aContenido: La canción de las tinieblas -- La cruz del sur -- Los caballos de los conquistadores -- Blasón -- La tierra del sol -- Pieles rojas... aPoesías peruanas aSiglo XX aLiteratura peruana